|
|
|
|
| LEADER |
02540nam a2200733 4500 |
| 001 |
ocn843026099 |
| 003 |
OCoLC |
| 005 |
20170124071859.1 |
| 006 |
m o d |
| 007 |
cr ||||||||||| |
| 008 |
130510s2013 nju o 001 0 eng |
| 010 |
|
|
|a 2013019252
|
| 040 |
|
|
|a DLC
|b eng
|e rda
|c DLC
|d N$T
|d DG1
|d EBLCP
|d CUS
|d YDXCP
|d E7B
|d UKMGB
|d OCLCF
|d AU@
|d DEBSZ
|d OCLCQ
|d COO
|d GrThAP
|
| 016 |
7 |
|
|a 016284702
|2 Uk
|
| 019 |
|
|
|a 849940222
|a 854185216
|
| 020 |
|
|
|a 9781118541784 ( ePub)
|
| 020 |
|
|
|a 1118541782 ( ePub)
|
| 020 |
|
|
|a 9781118535189 (MobiPocket)
|
| 020 |
|
|
|a 1118535189 (MobiPocket)
|
| 020 |
|
|
|a 9781118535196 (Adobe PDF)
|
| 020 |
|
|
|a 1118535197 (Adobe PDF)
|
| 020 |
|
|
|z 9781444336849 (cloth)
|
| 020 |
|
|
|a 9781118535202
|
| 020 |
|
|
|a 1118535200
|
| 029 |
1 |
|
|a AU@
|b 000053306380
|
| 029 |
1 |
|
|a CHBIS
|b 010026951
|
| 029 |
1 |
|
|a CHVBK
|b 306240831
|
| 029 |
1 |
|
|a NZ1
|b 15142928
|
| 029 |
1 |
|
|a NZ1
|b 15341639
|
| 029 |
1 |
|
|a NZ1
|b 15550073
|
| 029 |
1 |
|
|a DKDLA
|b 820120-katalog:000665170
|
| 029 |
1 |
|
|a AU@
|b 000051026288
|
| 029 |
1 |
|
|a DEBSZ
|b 431428794
|
| 029 |
1 |
|
|a DEBBG
|b BV041395269
|
| 035 |
|
|
|a (OCoLC)843026099
|z (OCoLC)849940222
|z (OCoLC)854185216
|
| 042 |
|
|
|a pcc
|
| 050 |
0 |
0 |
|a TP670
|
| 072 |
|
7 |
|a TEC
|x 012000
|2 bisacsh
|
| 082 |
0 |
0 |
|a 664/.3
|2 23
|
| 049 |
|
|
|a MAIN
|
| 245 |
0 |
0 |
|a Edible oil processing /
|c [edited by] Wolf Hamm, Richard Hamilton and Gijs Calliauw.
|
| 250 |
|
|
|a Second edition.
|
| 264 |
|
1 |
|a Hoboken :
|b John Wiley & Sons Inc.,
|c 2013.
|
| 300 |
|
|
|a 1 online resource.
|
| 336 |
|
|
|a text
|2 rdacontent
|
| 337 |
|
|
|a computer
|2 rdamedia
|
| 338 |
|
|
|a online resource
|2 rdacarrier
|
| 500 |
|
|
|a Includes index.
|
| 588 |
|
|
|a Description based on print version record and CIP data provided by publisher.
|
| 504 |
|
|
|a Includes bibliographical references and index.
|
| 506 |
|
|
|a License restrictions may limit access.
|
| 650 |
|
0 |
|a Oils and fats, Edible.
|
| 650 |
|
7 |
|a TECHNOLOGY & ENGINEERING
|x Food Science.
|2 bisacsh
|
| 650 |
|
7 |
|a Oils and fats, Edible.
|2 fast
|0 (OCoLC)fst01045014
|
| 655 |
|
4 |
|a Electronic books.
|
| 655 |
|
4 |
|a Libros electronicos.
|
| 655 |
|
0 |
|a Electronic books.
|
| 655 |
|
7 |
|a Electronic books.
|2 local
|
| 700 |
1 |
|
|a Hamm, Wolf.
|
| 700 |
1 |
|
|a Hamilton, R. J.
|q (Richard John)
|
| 700 |
1 |
|
|a Calliauw, Gijs.
|
| 776 |
0 |
8 |
|i Print version:
|t Edible oil processing
|b Second edition.
|d Hoboken : John Wiley & Sons Inc., 2013
|z 9781444336849
|w (DLC) 2013011464
|
| 856 |
4 |
0 |
|u https://doi.org/10.1002/9781118535202
|z Full Text via HEAL-Link
|
| 994 |
|
|
|a 92
|b DG1
|